陕西省地图点选 Shaanxi Click Map - Statistics

General Stats
  • This quiz has been taken 27 times
  • The average score is 9 of 10
Answers on the Map
Answers color-coded by a green-red scale on the quiz's map according to % correct below.
 
Answer Stats
Answer % Correct
西安市
100%
宝鸡市
95%
咸阳市
95%
榆林市
95%
延安市
91%
汉中市
91%
铜川市
86%
商洛市
86%
渭南市
82%
安康市
77%
No matching quizzes found
Score Distribution
Percent of People with Each Score
Percentile by Number Answered
Your Score History
You have not taken this quiz